| 000 | 00761nam a22001937a 4500 | ||
|---|---|---|---|
| 005 | 20240321103738.0 | ||
| 010 | _aHIN-127158 | ||
| 020 |
_a9789385385339 _c125.00 |
||
| 035 | _aHN-99504 | ||
| 037 | _bDBAD/PUB. | ||
| 082 | _a150 | ||
| 100 |
_aचन्द्रशेखर,बी के _963712 |
||
| 245 |
_aआपका स्वास्थ्य आपके हाथ/ _cबी के चन्द्रशेखर |
||
| 260 |
_aनई दिल्ली _bTeenage Publisher |
||
| 270 |
_aअंसारी रोड दरियागंज _bनई दिल्ली _e110002 |
||
| 300 |
_a127 पृ; _c20 सेमी (अजिल्द) |
||
| 700 | _963631 | ||
| 942 |
_adpl _cHN _2ddc _h150 _mचन्द्रशे |
||
| 999 |
_c201679 _d201679 |
||